| 000 | 01871nam0a22003251 4500 | ||
|---|---|---|---|
| 001 | v19\rc\1234719 | ||
| 005 | 20240920110504.0 | ||
| 035 | _a(NLR Aleph) 005191690 | ||
| 090 |
_a5219374 _c5219374 |
||
| 100 | _a20060306d1883 |||y0rusy50 ca | ||
| 101 | 0 | _arus | |
| 102 | _aRU | ||
| 105 | _aa z ||||| | ||
| 200 | 1 |
_aСвященный памятник 1812 года _e[Храм Христа Спасителя] |
|
| 210 |
_a[Москва] _cТип. И. Ефимова _dценз. 1883 |
||
| 215 |
_a4 с. _cил. _d23 |
||
| 225 | 1 |
_aБлагословение обители преподобного Сергия _v№ 175 |
|
| 309 | _aБез тит. л. и обл. | ||
| 316 |
_aЭкз. РНБ (18.257.1.74(175)): приплетено к: Десять горьких гроздов пьянства: Из соч. св. Димитрия М. Ростовского. - [М.], 1883 (ценз.) _5NLR: 18.257.1.74(175) |
||
| 482 | 0 |
_1001v19\rc\1228195 _12001#$aДесять горьких гроздов пьянства$eИз соч. св. Димитрия М. Ростовского _1210##$a[Москва]$dценз. 1883 _1700#0$3RU\NLR\AUTH\773262$7ca$aДимитрий Ростовский$cТуптало, Даниил Саввич, митрополит$f1651-1709$9z01790 |
|
| 532 | 1 | 1 | _aСвященный памятник тысяча восемьсот двенадцатого года |
| 700 | 0 |
_6z01790 _aНикон _cРождественский, Николай Иванович, архиепископ _f1851-1919 _3RU\NLR\AUTH\7711047 _7ca |
|
| 790 | 1 |
_6z01700 _aРождественский _bН. И. _f1851-1919 _gНиколай Иванович |
|
| 801 | 0 |
_aRU _bNLR _c20060306 _gpsbo |
|
| 801 | 1 |
_aRU _bProSoft-M _c20060306 _2rusmarc |
|
| 801 | 2 |
_aRU _bNLR _c20070127 _2rusmarc |
|
| 852 |
_aNLR _j18.257.1.74(175) |
||
| 942 | _cBOOK | ||
| 980 | _aNB | ||